| 000 | 00745nam a2200253 i 4500 | ||
|---|---|---|---|
| 001 | bg | ||
| 100 | 1 | _aGOŁĘBIOWSKA, Lucyna | |
| 245 | 1 | 0 |
_aPrzewodnik po gramatyce angielskiej / _cLucyna Gołębiowska. |
| 260 |
_aWarszawa : _bPrószyński i S-ka, _c2000. |
||
| 300 |
_a358, [1] s. ; _c21 cm. |
||
| 490 | 1 | _aEdukacja | |
| 504 | _aIndeks. | ||
| 650 | 9 |
_aJęzyk angielski _xgramatyka |
|
| 655 | _aPodręczniki | ||
| 830 | _aEdukacja | ||
| 020 | _a8372554463 | ||
| 040 | _cBPK | ||
| 041 | 0 | _apoleng | |
| 080 | _a811.111'36(07) | ||
| 920 | _a83-7255-446-3 | ||
| 942 | _cKS | ||
| 008 | s pl f |000 0 pol | ||
| 999 |
_c44701 _d44701 |
||